000 00508cam a2200193 4500
008 #DATE n1984 000 0 eng u
020 _a0851250637
035 _a(Sirsi) u122803
041 _aeng
050 _a690.12
100 _aDe Vekey, R. C.
245 _aPerformance specifications for wall ties
260 _aGarston, Herts
_bBuilding Research
_c1984
300 _av, 33p. 30cm
350 _a0
650 _aCAVITY WALL TIES
690 _aBUILT ENVIRONMENT-BUILDING STANDARDS
942 _n0
999 _c102934
_d102934